000 00411nam a2200121Ia 4500
005 20251028132345.0
008 251020t2012||||xx |||||||||||||| ||spa||
041 _aspa
100 _aBriones Martínez, Irena María
245 0 _aLas causas de nulidad del consentimiento para conyugarse: un estudio doctrinal, legislativo y jurisprudencial de Derecho Canónico y de Derecho civil
260 _c2012
942 _CLB
_cLB
999 _c922
_d922